000 01155nam a2200313 a 4500
003 OSt
005 20140310182453.0
008 110629s19uu xx 00 eng d
010 _a2008020408
020 _a9789812725882
020 _a9812725881
050 _aRB 46.5
_b.T936 2009
100 _aTurgeon, Mary Louise
_97731
245 _aImmunology and serology in laboratory medicine /
_cMary Louise Turgeon
250 _a4th ed.
260 _aSt. Louis, Mo :
_bMosby,
_cc2009.
300 _axiii, 523 p. :
_bill. ;
_c29 cm.
500 _aRev. ed. of: Immunology & serology in laboratory medicine / Mary Louise Turgeon. 3rd ed. c2003. Includes bibliographical references and index.
541 _j1
562 _e1
650 _aImmunodiagnosis
_98243
650 _aSerodiagnosis
_98244
650 _aAllergy and immunology
_xLaboratory Manuals
_98245
650 _aImmunologic Techniques
_xLaboratory Manuals
_98246
650 _aImmunologic Tests
_xLaboratory Manuals
_98247
650 _aSerology
_xLaboratory Manuals
_98248
942 _2lcc
_cSSLC
999 _c13704
_d13704